مكتبة جامعة عجلون الوطنية

فهرس بحث المكتبة

Normal view MARC view
  • كوكون ، البرت واخرون ؛ ترجمة جريس الريحاني

Entry Personal Name

Number of records used in: 1

001 - CONTROL NUMBER

  • control field: 8602

003 - CONTROL NUMBER IDENTIFIER

  • control field: JO-AjAnu

005 - DATE AND TIME OF LATEST TRANSACTION

  • control field: 20230606071704.0

008 - FIXED-LENGTH DATA ELEMENTS

  • fixed length control field: 230606|| aca||aabn | a|a d

040 ## - CATALOGING SOURCE

  • Original cataloging agency: JO-AjAnu
  • Transcribing agency: JO-AjAnu

100 ## - HEADING--PERSONAL NAME

  • Personal name: كوكون ، البرت واخرون ؛ ترجمة جريس الريحاني

670 ## - SOURCE DATA FOUND

  • Source citation: Work cat.: (JO-AjAnu)4441: كوكون ، البرت واخرون ؛ ترجمة جريس الريحاني , author, الكيمياء نهج استقصائي مج1